Statistiques concernant Clic Pièce de Corneille ou de Racine ?

Cliquez ici pour prendre le quiz!

Statistiques générales

  • Ce quiz a été pris 21 fois
  • Le résultat moyen est 29 sur 45

Statistiques - réponses

HintRéponse% Correct
PhèdreJean Racine
89%
AndromaqueJean Racine
89%
Don Sanche d'AragonPierre Corneille
89%
IphigénieJean Racine
84%
EstherJean Racine
84%
AttilaPierre Corneille
84%
L'Illusion comiquePierre Corneille
79%
BéréniceJean Racine
74%
BritannicusJean Racine
74%
PulchériePierre Corneille
74%
Le CidPierre Corneille
74%
La place royalePierre Corneille
74%
Le MenteurPierre Corneille
74%
BajazetJean Racine
68%
La ThébaïdeJean Racine
68%
AthalieJean Racine
68%
Clitandre ou l'Innocence persécutéePierre Corneille
68%
La Toison d'orPierre Corneille
68%
NicomèdePierre Corneille
68%
La suite du menteurPierre Corneille
68%
La Galerie du PalaisPierre Corneille
68%
La VeuvePierre Corneille
63%
SertoriusPierre Corneille
63%
Cinna ou la Clémence d'AugustePierre Corneille
63%
La mort de PompéePierre Corneille
63%
La SuivantePierre Corneille
63%
MithridateJean Racine
58%
PertharitePierre Corneille
58%
MélitePierre Corneille
58%
Les PlaideursJean Racine
53%
AgésilasPierre Corneille
53%
SophonisbePierre Corneille
53%
Tite et BérénicePierre Corneille
53%
HéracliusPierre Corneille
53%
RodogunePierre Corneille
53%
PolyeuctePierre Corneille
53%
SurénaPierre Corneille
53%
ThéodorePierre Corneille
53%
Alexandre le GrandJean Racine
47%
MédéePierre Corneille
47%
HoracePierre Corneille
47%
PsychéPierre Corneille
47%
OthonPierre Corneille
42%
OedipePierre Corneille
37%
AndromèdePierre Corneille
32%

Distribution des résultats

Percentile par nombre de réponses

% des personnes avec chaque résultat

Votre développement - résultats

Vous n’avez pas pris ce quiz